=LDR 00000nam 2200000 4500 =001 INLIS000000000002729 =005 20130612091042 =008 ***********************************Ind** =035 ##$$0010-061300000002729 =041 ##$$a Ind =082 ##$$a 794.12 =090 ##$$a 794.12, Suc p =100 ##$$a Sucahyo, Imam =245 ##$$a Peranan kuda dala permainan akhir, Imam Sucahyo =260 ##$$a 1994 $b Jakarta =300 ##$$a 66 hlm, ilus, 21 cm =650 ##$$a Catur =850 ##$$a NBPNMAT